Open Data Biblioteca Nacional de Portugal


República Portuguesa: Ministério da Cultura
Biblioteca Nacional de Portugal

Catálogo da BNP: acesso por Identificadores Unívocos
Registos Bibliográficos associados ao registo de autoridade

Etiqueta de registo: 00230nam 2200025 450
001 1745729
003 http://id.bnportugal.gov.pt/bib/catbnp/1745729
100 ## $a20100512d2008 k y0pory0103 ba
101 0# $apor
102 ## $aPT
105 ## $ay m 000yy
106 ## $ar
200 1# $aCasos fáceis e casos difíceis$ealgumas abordagens contemporâneas possíveis e seus diferentes pressupostos de inteligibilidade$fAna Carolina de Faria Silvestre
210 #9 $aCoimbra$c[s.n.],$d2008
215 ## $aVI, 188 f.$d30 cm$eerrata ([5] f.)
320 ## $aBibliografia, f. 180-185
328 #1 $aTese mestr. Ciências Jurídico-Filosóficas, Fac. de Direito, Univ. de Coimbra, 2008
675 ## $a340(043)$vBN$zpor$3299542
675 ## $a347(043)$vBN$zpor$3486661
700 #1 $aSilvestre,$bAna Carolina de Faria$31420732
801 #0 $aPT$bBN$gRPC
966 ## $lBN$mFGMON$sS.C. 121669 V.$x1

Etiqueta de registo: 00254nam 2200025 450
001 2284026
003 http://id.bnportugal.gov.pt/bib/catbnp/2284026
100 ## $a20260410d2025 k y0pory01030103ba
101 0# $apor$deng
102 ## $aPT
105 ## $ay m 000yy
106 ## $ar
200 1# $a As emoções no direito e na realização prática do direito$erelevância heurístico-contextual ou valor metodológico$fAna Carolina de Faria Silvestre$gorient. José Manuel Aroso Linhares
210 #9 $aCoimbra$c[s.n.],$d2025
215 ## $a391 p.$d30 cm
328 #1 $aTese dout. Direiro (Ciências Jurídico-Filosóficas), Faculdade de Direiro da Universidade de Coimbra, 2025
700 #1 $aSilvestre,$bAna Carolina de Faria$31420732
702 #1 $aLinhares,$bJosé Manuel Aroso,$f1956-$4727$3526199
801 #0 $aPT$bBN$gRPC
966 ## $lBN$mFGMON$x1
971 ## $cisantos$d20260410

OpendataBNP@bnportugal.pt | Mais informação sobre acesso aos dados BNP